000 00994nam0a22002411 4500
001 rc\46749
005 20260406135803.0
035 _a(NLR Aleph) 005326858
090 _a6548649
_c6548649
100 _a20021216d1991 |||y0rusy50 ca
101 0 _arus
102 _aRU
105 _ay |||||||||
200 1 _aДиагностика инфекционной бурсальной болезни
_e(Метод. указания)
_fВПНО "Союзптицепром", Всесоюз. н.-и. ин-т птицеводства
_g[Разраб. А.С. Алиевым и др.]
210 _aЛ.
_cВНИВИП
_d1991
215 _a10 с.
_d20
702 1 _aАлиев
_bА.С.
_4570
712 0 2 _aВсесоюзный научно-исследовательский ветеринарный институт птицеводства
_cЛенинград
_3RU\NLR\AUTH\889918757
_9333640
801 0 _aRU
_bNLR
_gpsbo
801 1 _aRU
_bELAR
_2rusmarc
852 _aNLR
_j91-4/7288
942 _cBOOK
980 _aNB